Devine la ville - Royaume Uni - Statistiques

Statistiques générales
  • Ce quiz a été pris 260 fois
  • Le résultat moyen est 8 sur 15
Statistiques - réponses
Question Réponse % Correct
Ville des Beatles Liverpool
94%
Siège du parlement écossais Edimbourg
92%
Possède 2 grand clubs de Premier League Manchester
83%
On y trouve la plus ancienne université britannique Oxford
81%
Capitale d'Irlande du Nord Belfast
79%
Capitale du Pays de Galles Cardiff
76%
Seconde ville la plus peuplée Birmingham
65%
Ville anglaise la plus proche de la France Douvres
60%
On y trouve le Globe de Shakespeare Londres
50%
Aussi le nom d'une célèbre ville aux Etats-Unis York
49%
A donné son nom au papier cartonné Bristol
38%
Autrefois appelé "la deuxième ville de l’Empire britannique" Glasgow
26%
Tristemment connu pour le Bloody Sunday Londonderry
24%
Est relié par un canal qui porte son nom avec la ville précédente Leeds
20%
Jadis cœur de l'industrie mondiale de la dentelle Nottingham
6%
Aucun quiz correspondant
Distribution des résultats
% des personnes avec chaque résultat
Percentile par nombre de réponses
Votre historique - résultats
Vous n’avez pas pris ce quiz